[Event "Karelia-ch 63rd"]
[Site "Petrozavodsk"]
[Date "2010.02.25"]
[Round "9"]
[White "Baroyan, Karen"]
[Black "Turunen, Tuomo"]
[Result "1/2-1/2"]
[WhiteElo "1697"]
[BlackElo "2045"]
[PlyCount "35"]
[EventDate "2010.02.20"]
[EventType "swiss"]
[EventRounds "9"]
[EventCountry "RUS"]
[SourceTitle "CBM 135 Extra"]
[Source "ChessBase"]
[SourceDate "2010.05.04"]
[SourceVersion "1"]
[SourceVersionDate "2010.05.04"]
[SourceQuality "1"]

1. d4 Nf6 2. c4 g6 3. Nc3 Bg7 4. e4 d6 5. Be2 0-0 6. Bg5 Nbd7 7. Qd2 c6 8. f3 a6 9. Nh3 b5 10. Nf2 Bb7 11. h4 h5 12. g4 b4 13. Na4 Qc7 14. Bh6 c5 15. Bxg7 Kxg7 16. d5 Rh8 17. g5 Nh7 18. b3 1/2-1/2

[Event "Karelia-ch 63rd"]
[Site "Petrozavodsk"]
[Date "2010.02.24"]
[Round "7"]
[White "Bakulin, Alexander"]
[Black "Baroyan, Karen"]
[Result "0-1"]
[WhiteElo "1979"]
[BlackElo "1697"]
[PlyCount "118"]
[EventDate "2010.02.20"]
[EventType "swiss"]
[EventRounds "9"]
[EventCountry "RUS"]
[SourceTitle "CBM 135 Extra"]
[Source "ChessBase"]
[SourceDate "2010.05.04"]
[SourceVersion "1"]
[SourceVersionDate "2010.05.04"]
[SourceQuality "1"]

1. d4 d5 2. Nc3 c6 3. e4 dxe4 4. Nxe4 Bf5 5. Ng3 Bg6 6. Nf3 Nd7 7. h4 h6 8. h5 Bh7 9. Bc4 Ngf6 10. c3 Qc7 11. Qb3 e6 12. Be3 Nd5 13. Bd2 Bd6 14. Bxd5 cxd5 15. Rh3 Nf6 16. Qa4+ Qd7 17. Qxd7+ Kxd7 18. Ne5+ Bxe5 19. dxe5 Ne4 20. Be3 b6 21. Rd1 Ke7 22. Ne2 Nc5 23. Bd4 Bf5 24. Bxc5+ bxc5 25. Rh4 Rhd8 26. Rd2 Rab8 27. Ra4 Rd7 28. f3 Rdb7 29. b3 Rc8 30. g4 Bh7 31. Ng3 c4 32. b4 Bd3 33. Ne2 Bxe2 34. Kxe2 f6 35. f4 fxe5 36. fxe5 Rf8 37. Ke3 Rf1 38. Ra6 Rc1 39. Ra3 Re1+ 40. Re2 Rg1 41. Kf3 Rf1+ 42. Rf2 Re1 43. Kf4 Re4+ 44. Kg3 Rxe5 45. Rd2 Kd6 46. Kf4 Re4+ 47. Kg3 Ke5 48. Rf2 Re3+ 49. Rf3 Rxf3+ 50. Kxf3 Rf7+ 51. Ke3 Rd7 52. Ra5 Kf6 53. a4 Kg5 54. Ra6 Kxg4 55. Rxe6 Kxh5 56. a5 g5 57. b5 Rb7 58. b6 axb6 59. axb6 g4 0-1